00474nmm a2200157Ia 4500008004100000020001800041041000800059100001200067245004200079264008800121300001800209650001400227856005100241942000700292999001700299251105s9999||||xx |||||||||||||||||und|| a9788497819848 aspa aVV. AA. 0aIsidoro Cabanyes y las torres solares a[Madrid, España] :bMinisterio de Economía y Competitividad de España, c2014 a116 páginas aBiography uhttps://public.digitaliapublishing.com/a/61867 cCF c90591d90591